<?xml version="1.0" encoding="UTF-8"?>
<record
    xmlns:xsi="http://www.w3.org/2001/XMLSchema-instance"
    xsi:schemaLocation="http://www.loc.gov/MARC21/slim http://www.loc.gov/standards/marcxml/schema/MARC21slim.xsd"
    xmlns="http://www.loc.gov/MARC21/slim">

  <leader>01674nam a2200289Ia 4500</leader>
  <datafield tag="999" ind1=" " ind2=" ">
    <subfield code="c">34745</subfield>
    <subfield code="d">34745</subfield>
  </datafield>
  <controlfield tag="001">535</controlfield>
  <controlfield tag="003">GE_BSU</controlfield>
  <controlfield tag="005">20200120143036.0</controlfield>
  <controlfield tag="008">190422b2007    ge ||||| |||| 00| 0 geo d</controlfield>
  <datafield tag="020" ind1=" " ind2=" ">
    <subfield code="a">9789941000966</subfield>
  </datafield>
  <datafield tag="040" ind1=" " ind2=" ">
    <subfield code="c">GE_BSU</subfield>
  </datafield>
  <datafield tag="041" ind1=" " ind2=" ">
    <subfield code="a">geo</subfield>
  </datafield>
  <datafield tag="080" ind1=" " ind2=" ">
    <subfield code="a">616.07(075.8)+616-071.2(075.8) &#x10D1;-67</subfield>
  </datafield>
  <datafield tag="100" ind1=" " ind2=" ">
    <subfield code="a">&#x10D1;&#x10D8;&#x10D9;&#x10DA;&#x10D8;, &#x10DA;&#x10D8;&#x10DC; &#x10E1;.</subfield>
    <subfield code="9">352</subfield>
  </datafield>
  <datafield tag="245" ind1=" " ind2=" ">
    <subfield code="a">&#x10D1;&#x10D4;&#x10D8;&#x10E2;&#x10E1;&#x10D8;&#x10E1; &#x10D9;&#x10DA;&#x10D8;&#x10DC;&#x10D8;&#x10D9;&#x10E3;&#x10E0;&#x10D8; &#x10D2;&#x10D0;&#x10DB;&#x10DD;&#x10D9;&#x10D5;&#x10DA;&#x10D4;&#x10D5;&#x10D8;&#x10E1; &#x10E1;&#x10D0;&#x10E4;&#x10E3;&#x10EB;&#x10D5;&#x10DA;&#x10D4;&#x10D1;&#x10D8;./</subfield>
    <subfield code="c">&#x10DA;&#x10D8;&#x10DC; &#x10E1;. &#x10D1;&#x10D8;&#x10D9;&#x10DA;&#x10D8;, &#x10DE;&#x10D4;&#x10E2;&#x10D4;&#x10E0; &#x10D2;. &#x10E1;&#x10EA;&#x10D8;&#x10DA;&#x10D0;&#x10D2;&#x10E3;&#x10D8; ; [&#x10DB;&#x10D7;&#x10D0;&#x10E0;&#x10D2;&#x10DB;&#x10DC;.: &#x10D8;&#x10E0;&#x10DB;&#x10D0; &#x10DB;&#x10D0;&#x10DB;&#x10D0;&#x10EA;&#x10D0;&#x10E8;&#x10D5;&#x10D8;&#x10DA;&#x10D8;, &#x10DB;&#x10D0;&#x10E0;&#x10D8;&#x10DC;&#x10D4; &#x10E9;&#x10EE;&#x10D0;&#x10D8;&#x10EB;&#x10D4; ; &#x10E0;&#x10D4;&#x10D3;. &#x10E0;&#x10D4;&#x10D5;&#x10D0;&#x10D6; &#x10D7;&#x10D0;&#x10D1;&#x10E3;&#x10D9;&#x10D0;&#x10E8;&#x10D5;&#x10D8;&#x10DA;&#x10D8; ; &#x10DE;&#x10E0;&#x10DD;&#x10D4;&#x10E5;&#x10E2;&#x10D8;&#x10E1; &#x10EE;&#x10D4;&#x10DA;&#x10DB;&#x10EB;&#x10E6;&#x10D5;. &#x10DC;&#x10D0;&#x10DC;&#x10D0; &#x10E1;&#x10D4;&#x10D1;&#x10D8;&#x10E1;&#x10D9;&#x10D5;&#x10D4;&#x10E0;&#x10D0;&#x10EB;&#x10D4; ; &#x10EC;&#x10D8;&#x10DC;&#x10D0;&#x10E1;&#x10D8;&#x10E2;&#x10E7;&#x10D5;. &#x10D2;&#x10D8;&#x10DD;&#x10E0;&#x10D2;&#x10D8; &#x10DB;&#x10D4;&#x10DC;&#x10D0;&#x10D1;&#x10D3;&#x10D4;].</subfield>
  </datafield>
  <datafield tag="250" ind1=" " ind2=" ">
    <subfield code="a">&#x10DB;&#x10D4;-9 &#x10D2;&#x10D0;&#x10DB;&#x10DD;&#x10EA;.</subfield>
  </datafield>
  <datafield tag="264" ind1=" " ind2=" ">
    <subfield code="a">&#x10D7;&#x10D1;&#x10D8;&#x10DA;&#x10D8;&#x10E1;&#x10D8; :</subfield>
    <subfield code="b">&#x10D7;&#x10D1;&#x10D8;&#x10DA;&#x10D8;&#x10E1;&#x10D8;&#x10E1; &#x10E1;&#x10D0;&#x10EE;&#x10D4;&#x10DA;&#x10DB;&#x10EC;&#x10D8;&#x10E4;&#x10DD; &#x10E1;&#x10D0;&#x10DB;&#x10D4;&#x10D3;&#x10D8;&#x10EA;&#x10D8;&#x10DC;&#x10DD; &#x10D8;&#x10DC;&#x10E1;&#x10E2;&#x10D8;&#x10E2;&#x10E3;&#x10E2;&#x10D8; ,</subfield>
    <subfield code="c">2007.</subfield>
  </datafield>
  <datafield tag="300" ind1=" " ind2=" ">
    <subfield code="a">902&#x10D2;&#x10D5;. ;</subfield>
    <subfield code="b">&#x10D8;&#x10DA;. :</subfield>
    <subfield code="c">28 &#x10E1;&#x10DB;.</subfield>
  </datafield>
  <datafield tag="541" ind1=" " ind2=" ">
    <subfield code="h">40&#x10DA;.</subfield>
  </datafield>
  <datafield tag="653" ind1=" " ind2=" ">
    <subfield code="a">&#x10DB;&#x10D4;&#x10D3;&#x10D8;&#x10EA;&#x10D8;&#x10DC;&#x10D0;</subfield>
  </datafield>
  <datafield tag="653" ind1=" " ind2=" ">
    <subfield code="a">&#x10D9;&#x10DA;&#x10D8;&#x10DC;&#x10D8;&#x10D9;&#x10E3;&#x10E0;&#x10D8; &#x10D3;&#x10D8;&#x10D0;&#x10D2;&#x10DC;&#x10DD;&#x10E1;&#x10E2;&#x10D8;&#x10D9;&#x10D0;</subfield>
  </datafield>
  <datafield tag="653" ind1=" " ind2=" ">
    <subfield code="a"> &#x10D0;&#x10DC;&#x10D0;&#x10DB;&#x10DC;&#x10D4;&#x10D6;&#x10D8;</subfield>
  </datafield>
  <datafield tag="700" ind1=" " ind2=" ">
    <subfield code="d">&#x10D7;&#x10D0;&#x10D1;&#x10E3;&#x10D9;&#x10D0;&#x10E8;&#x10D5;&#x10D8;&#x10DA;&#x10D8;, &#x10E0;&#x10D4;&#x10D5;&#x10D0;&#x10D6;</subfield>
    <subfield code="e">&#x10E0;&#x10D4;&#x10D3;&#x10D0;&#x10E5;&#x10E2;&#x10DD;&#x10E0;&#x10D8;</subfield>
    <subfield code="9">353</subfield>
  </datafield>
  <datafield tag="700" ind1=" " ind2=" ">
    <subfield code="e">&#x10D0;&#x10D5;&#x10E2;&#x10DD;&#x10E0;&#x10D8;</subfield>
    <subfield code="a">&#x10E1;&#x10EA;&#x10D8;&#x10DA;&#x10D0;&#x10D2;&#x10E3;&#x10D8;, &#x10DE;&#x10D4;&#x10E2;&#x10D4;&#x10E0; &#x10D2;.</subfield>
    <subfield code="9">6252</subfield>
  </datafield>
  <datafield tag="700" ind1=" " ind2=" ">
    <subfield code="e">&#x10DB;&#x10D7;&#x10D0;&#x10E0;&#x10D2;&#x10DB;&#x10DC;&#x10D4;&#x10DA;&#x10D8;</subfield>
    <subfield code="a">&#x10DB;&#x10D0;&#x10DB;&#x10D0;&#x10EA;&#x10D0;&#x10E8;&#x10D5;&#x10D8;&#x10DA;&#x10D8;, &#x10D8;&#x10E0;&#x10DB;&#x10D0; </subfield>
    <subfield code="9">6253</subfield>
  </datafield>
  <datafield tag="942" ind1=" " ind2=" ">
    <subfield code="c">BK</subfield>
    <subfield code="2">udc</subfield>
  </datafield>
  <datafield tag="952" ind1=" " ind2=" ">
    <subfield code="0">0</subfield>
    <subfield code="1">0</subfield>
    <subfield code="2">udc</subfield>
    <subfield code="4">0</subfield>
    <subfield code="6">61607075861607120758_&#x10D1;67</subfield>
    <subfield code="7">0</subfield>
    <subfield code="9">32892</subfield>
    <subfield code="a">CPL</subfield>
    <subfield code="b">CPL</subfield>
    <subfield code="c">GEN</subfield>
    <subfield code="d">2018-12-17</subfield>
    <subfield code="g">40.00</subfield>
    <subfield code="i">1</subfield>
    <subfield code="o">616.07(075.8)+616-071.2(075.8)  &#x10D1;-67</subfield>
    <subfield code="p">1</subfield>
    <subfield code="r">2018-12-17</subfield>
    <subfield code="w">2018-12-17</subfield>
    <subfield code="y">BK</subfield>
    <subfield code="z">&#x10E1;&#x10D0;&#x10EA;&#x10D0;&#x10D5;&#x10D8;</subfield>
  </datafield>
  <datafield tag="952" ind1=" " ind2=" ">
    <subfield code="0">0</subfield>
    <subfield code="1">0</subfield>
    <subfield code="2">udc</subfield>
    <subfield code="4">0</subfield>
    <subfield code="6">61607075861607120758_&#x10D1;_67</subfield>
    <subfield code="7">0</subfield>
    <subfield code="9">32893</subfield>
    <subfield code="a">CPL</subfield>
    <subfield code="b">CPL</subfield>
    <subfield code="c">GEN</subfield>
    <subfield code="d">2018-12-17</subfield>
    <subfield code="g">40.00</subfield>
    <subfield code="i">2</subfield>
    <subfield code="o">616.07(075.8)+616-071.2(075.8)  &#x10D1;- 67</subfield>
    <subfield code="p">2</subfield>
    <subfield code="r">2018-12-17</subfield>
    <subfield code="w">2018-12-17</subfield>
    <subfield code="y">BK</subfield>
    <subfield code="z">&#x10E1;&#x10D0;&#x10EA;&#x10D0;&#x10D5;&#x10D8;</subfield>
  </datafield>
  <datafield tag="952" ind1=" " ind2=" ">
    <subfield code="0">0</subfield>
    <subfield code="1">0</subfield>
    <subfield code="2">udc</subfield>
    <subfield code="4">0</subfield>
    <subfield code="6">61607075861607120758_&#x10D1;67</subfield>
    <subfield code="7">0</subfield>
    <subfield code="9">32894</subfield>
    <subfield code="a">CPL</subfield>
    <subfield code="b">CPL</subfield>
    <subfield code="c">GEN</subfield>
    <subfield code="d">2018-12-17</subfield>
    <subfield code="g">40.00</subfield>
    <subfield code="i">3</subfield>
    <subfield code="o">616.07(075.8)+616-071.2(075.8) &#x10D1;-67</subfield>
    <subfield code="p">3</subfield>
    <subfield code="r">2018-12-17</subfield>
    <subfield code="w">2018-12-17</subfield>
    <subfield code="y">BK</subfield>
    <subfield code="z">&#x10E1;&#x10D0;&#x10EA;&#x10D0;&#x10D5;&#x10D8;</subfield>
  </datafield>
  <datafield tag="952" ind1=" " ind2=" ">
    <subfield code="0">0</subfield>
    <subfield code="1">0</subfield>
    <subfield code="2">udc</subfield>
    <subfield code="4">0</subfield>
    <subfield code="6">61607075861607120758_&#x10D1;_67</subfield>
    <subfield code="7">0</subfield>
    <subfield code="9">32895</subfield>
    <subfield code="a">CPL</subfield>
    <subfield code="b">CPL</subfield>
    <subfield code="c">GEN</subfield>
    <subfield code="d">2018-12-17</subfield>
    <subfield code="g">40.00</subfield>
    <subfield code="i">4</subfield>
    <subfield code="o">616.07(075.8)+616-071.2(075.8)  &#x10D1; -67</subfield>
    <subfield code="p">4</subfield>
    <subfield code="r">2018-12-17</subfield>
    <subfield code="w">2018-12-17</subfield>
    <subfield code="y">BK</subfield>
    <subfield code="z">&#x10E1;&#x10D0;&#x10EA;&#x10D0;&#x10D5;&#x10D8;</subfield>
  </datafield>
  <datafield tag="952" ind1=" " ind2=" ">
    <subfield code="0">0</subfield>
    <subfield code="1">0</subfield>
    <subfield code="2">udc</subfield>
    <subfield code="4">0</subfield>
    <subfield code="6">61607075861607120758_&#x10D1;_67</subfield>
    <subfield code="7">0</subfield>
    <subfield code="9">32896</subfield>
    <subfield code="a">CPL</subfield>
    <subfield code="b">CPL</subfield>
    <subfield code="c">GEN</subfield>
    <subfield code="d">2018-12-17</subfield>
    <subfield code="g">40.00</subfield>
    <subfield code="i">5 .</subfield>
    <subfield code="o">616.07(075.8)+616-071.2(075.8) &#x10D1; -67</subfield>
    <subfield code="p">5</subfield>
    <subfield code="r">2018-12-17</subfield>
    <subfield code="w">2018-12-17</subfield>
    <subfield code="y">BK</subfield>
    <subfield code="z">&#x10E1;&#x10D0;&#x10EA;&#x10D0;&#x10D5;&#x10D8;</subfield>
  </datafield>
</record>
